|
|
|
|
| LEADER |
00000naa2a2200000 4500 |
| 001 |
384282 |
| 005 |
20231101063231.0 |
| 035 |
|
|
|a (RuTPU)RU\TPU\prd\10799
|
| 090 |
|
|
|a 384282
|
| 100 |
|
|
|a 20030219a2003 k y0rusy50 ca
|
| 101 |
0 |
|
|a rus
|
| 102 |
|
|
|a RU
|
| 200 |
1 |
|
|a Рвется там, где тонко
|f В. Солтаганов, В. Щегорцов
|
| 225 |
1 |
|
|a Транспорт
|
| 461 |
|
1 |
|0 (RuTPU)RU\TPU\prd\1610
|t Нефть России
|o аналитический журнал
|d 1996, 1999-2012
|
| 463 |
|
1 |
|0 (RuTPU)RU\TPU\prd\10554
|t № 1
|v С. 104-107
|d 2003
|
| 610 |
1 |
|
|a трубопроводы
|
| 610 |
1 |
|
|a национальная безопасность
|
| 610 |
1 |
|
|a эксплуатация
|
| 610 |
1 |
|
|a аварии
|
| 700 |
|
1 |
|a Солтаганов
|b В.
|
| 701 |
|
1 |
|a Щегорцов
|b В.
|
| 801 |
|
1 |
|a RU
|b 63413507
|c 20030219
|g PSBO
|
| 801 |
|
2 |
|a RU
|b 63413507
|c 20130801
|g RCR
|
| 942 |
|
|
|c BK
|